000 00295nam a22001337a 4500
008 170418b xxu||||| |||| 00| 0 eng d
020 _a41426621900000739776
041 _aeng
080 _29 ED
_a579
100 _a11
101 _aSHM
245 _aMICROBIOLOGY
_cTALARO.K.P
942 _2udc
_cBK
999 _c10945
_d10945